Statistics for UEFA European Championship Top 4 Positions

Click here to take the quiz!

General Stats

  • This quiz has been taken 95 times
  • The average score is 18 of 20

Answer Stats

Answer% Correct
France
100%
Italy
100%
Portugal
100%
Germany
99%
Spain
99%
West Germany
99%
Denmark
98%
England
98%
Netherlands
98%
Greece
96%
Russia
93%
Sweden
93%
Belgium
92%
Czech Republic
90%
Soviet Union
87%
Yugoslavia
87%
Turkey
85%
Wales
83%
Hungary
82%
Czechoslovakia
69%

Score Distribution

Percentile by Number Answered

Percent of People with Each Score

Your Score History

You have not taken this quiz